Normal view MARC view
  • México

Entry Nombre Geográfico

Number of records used in: 14

001 - NÚMERO DE CONTROL

  • campo de control: 6688

003 - IDENTIFICADOR DE NUMERO DE CONTROL

  • campo de control: UPN

005 - FECHA Y HORA DE LA ÜLTIMA TRANSACCIÓN

  • campo de control: 20220809105943.0

008 - DATOS DE LONGITUD FIJA

  • campo de control de longitud fija: 220809n||acnnnbabn | ana |d

035 ## - NÚMERO DE CONTROL

  • Número de control: UPN10000006690

040 ## - FUENTE DE CATALOGACIÓN

  • Agencia de catalogación original: UPN
  • Lenguaje de catalogación: spa
  • Agencia de transcripción: UPN

151 ## - ENCABEZAMIENTO - NOMBRE GEOGRÁFICO

  • Nombre geográfico: México
  • Subdivisión general : Vida intelectual
  • Subdivisión cronológica : Siglo XX

670 ## - FUENTE EN LA QUE SE LOCALIZARON DATOS

  • Cita de la fuente: LC
  • Información localizada: Mexico - Intellectual life - 20 th century

902 ## - CATALOGADOR

  • Catalogador: ERNESTO/150104